000 00497nam a2200169 i 4500
001 36025
003 ES-MaACL
005 20230906155257.0
007 t|
008 030214s1978 sp ||||1| spa d
100 1 _aBritel, Gastón.
_931799
245 1 3 _aLa feria de los asnos o la abolición de la condición de los asalariados /
_cGastón Britel.
250 _a[1ª ed.].
260 _a[Madrid] :
_bCampo Abierto,
_c[1978]
300 _a64 p. ;
_c19 cm.
852 _aES-MaACL
_jA-8542
_bR.97768
999 _c36025
_d36025